Arsenal Squad in Age Order (24/25) - Statistics

General Stats
  • This quiz has been taken 30 times
  • The average score is 17 of 22
Answer Stats
Hint Answer % Correct
23 Bukayo Saka
93%
32 Jorginho
93%
31 Thomas Partey
93%
27 Gabriel Jesus
89%
28 David Raya
85%
29 Leandro Trossard
85%
35 Neto
85%
25 Declan Rice
81%
26 Gabriel Magalhães
81%
23 Gabriel Martinelli
81%
27 Oleksandr Zinchenko
81%
25 Kai Havertz
78%
25 Martin Ødegaard
74%
22 Riccardo Calafiori
74%
26 Ben White
70%
23 Jurriën Timber
70%
29 Raheem Sterling
70%
23 William Saliba
70%
28 Mikel Merino
67%
27 Kieran Tierney
56%
24 Jakub Kiwior
52%
25 Takehiro Tomiyasu
52%
No matching quizzes found
Score Distribution
Percent of People with Each Score
Percentile by Number Answered
Your Score History
You have not taken this quiz